000 01275nam a2200337 i 4500
001 000039272
003 DO-SdBNP
005 20260312135305.0
007 ta
008 090709s1995 xxuac r 001 0 spa d
040 _aDO-SdBNP
_bspa
_cBNPHU
_erda
041 _aspa
082 4 _a320.97293
_bV645d
_222
100 1 _aVictoria B., Roberto,
_eautor
_4aut.
_910785
245 1 4 _aLos diez mandamientos de Balaguer /
_cRoberto Victoria B.
246 1 3 _aThe ten commandments of Balaguer
264 1 _aEstados Unidos :
_bRapido Printing,
_c1995.
300 _axi, 237 páginas :
_bilustraciones, retratos ;
_c21 cm.
336 _atexto
_btxt
_2rdacontent
337 _asin mediación
_bn
_2rdamedia
338 _2rdacarrier
_avolumen
_bnc
500 _aIncluye índice, referencias bibliográficas y notas al pie de las páginas
504 _aBibliografía : páginas 229-230
590 _aInventariado, 2018/LP
600 1 0 _a Balaguer, Joaquín,
_d1906-2002
_xCrítica e interpretación
_976556
600 1 0 _a Balaguer, Joaquín,
_d1906-2002
_xCronología
_976556
650 4 _aRepública dominicana
_xPolítica social
_y1961-
_965467
651 4 _aRepública Dominicana
_xPolítica y gobierno
_y1961-
_9204
910 _aValidado. Control de calidad MFF
942 _2ddc
_cLBS1
999 _c38762
_d38762